France City Quiz - Statistics

General Stats
  • This quiz has been taken 54 times
  • The average score is 9 of 11
Answer Stats
City % Correct
Lyon
100%
Paris
100%
Marseille
96%
Nice
91%
Bordeaux
87%
Toulouse
85%
Nantes
81%
Lille
79%
Strasbourg
74%
Rennes
70%
Montpellier
66%
No matching quizzes found
Score Distribution
Percent of People with Each Score
Percentile by Number Answered
Your Score History
You have not taken this quiz